000 01193nam a2200289 4500
001 0000017010
003 CO-CtgCURN
005 20250429224002.0
007 ta
008 160627s1997 000 0 eng d
020 _a9586760189
040 _aCO-CtgCURN
_bspa
_ccoctgcurn
082 0 _a354.8605
_bB15e
100 1 _aBallen Molina, Rafael Antonio.
245 1 0 _aEstructura del estado /
_cRafael Antonio Ballen.
260 _aBogotá :
_bEdiciones Doctrina y Ley,
_c1997.
300 _ax, 984 p.
336 _2rdacontent
337 _2rdamedia
_asin mediacion
_bn
338 _2rdacarrier
_avolumen
_bnc
505 8 _aAspectos generales.--Rama legislativa.--Rama ejecutiva.--Rama judicial.--Organizacion electoral.--Organismos de control.--El Banco de la Republica.--Descentralizacion territorial.--Los municipios.--Regimen especial.--Descentralizacion especializada o por servicios.--Descentralizacion por colaboracion
650 1 4 _aDerecho administrativo
_zColombia.
908 _a160627
942 _cBK
_h354.8605
_iB15e
_2ddc
999 _c34344
_d34344